000 00338nab a22001097u 4500
008 130520b1983 xxu||||| |||| 00| 0 spa d
041 _aspa
100 1 _aBen-Chorin, Schalom
_920432
245 0 0 _aLa Madre de Jesús en perspectiva judía
_cSchalom Ben-Chorin
773 0 _tConcilium
_gV.3,1983,págs.201-208
_x0210-1041
_wRev134
942 _cAR
999 _c355008
_d355008